00544nam a2200181 a 450000100060000000300090000600800410001504000280005608200150008410000310009924500450013026000320017530000100020750500550021765000190027265000330029165000380032410827CO-ViMGA141112s2004 ck r 000 u spa d aCO-ViMGAbspacCO-ViMGA04a323.6 A5231 aGalan, Francisco Alberto, 10aParticipacion ciudadana y medio ambiente aBogotá : bFescol, c1995 a78 p. aLey 99 de 1993 : SINA ; Sistema Nacional ambiental14aLEY 99 DE 199314aMEDIO AMBIENTE - LEGISLACION14aSINA - SISTEMA NACIONAL AMBIENTAL